Antología para el sesquicentenario: 1810-1960

Gespeichert in:
Bibliographische Detailangaben
1. Verfasser: Uribe Echevarría, Juan (VerfasserIn)
Format: Buch
Sprache:Spanisch
Veröffentlicht: Santiago Universitaria 1960
Schriftenreihe:Serie Roja, 21
Schlagworte:
Tags: Tag hinzufügen
Keine Tags, Fügen Sie den ersten Tag hinzu!

MARC

LEADER 00000nam a2200000 a 4500
001 UCQ6232
003 CL-VaPUC
008 981009e19600000CL |||||||||||||||||spa|d
082 0 4 |a Ch860.8  |b URI  |2 21 
100 0 |a Uribe Echevarría, Juan  |e author  |9 420127 
245 1 0 |a Antología para el sesquicentenario: 1810-1960 
300 |a 281 p 
942 |c BK 
945 |d 19981009 00:00:00  |a crobeson 
260 |a Santiago  |b Universitaria  |c 1960 
650 0 |a Literatura chilena   |9 308278 
650 0 |a Historia de Chile  |9 265473 
650 0 |a Ensayos chilenos   |9 269132 
650 0 |a Poesías chilenas   |9 265280 
650 0 |a Canciones chilenas  |9 420128 
650 0 |a Antologías  |9 309836 
651 7 |a CHILE  |2 CL-VaPUC  |9 420129 
583 |a last modification  |c 19981009 00:00:00  |k Rodrigo Vera 
490 0 |a Serie Roja, 21 
999 |c 276234  |d 276232 
952 |0 0  |1 0  |4 0  |6 CH_860_800000000000000_URI_1960  |7 0  |8 A  |9 313384  |a BIBEDU  |b BIBEDU  |d 2019-11-20  |i 147720K  |o Ch860.8 URI 1960  |p 147720K  |r 2019-11-20  |w 2019-11-20  |y BK  |k LIT